<?xml version="1.0" encoding="UTF-8"?>
<record
    xmlns:xsi="http://www.w3.org/2001/XMLSchema-instance"
    xsi:schemaLocation="http://www.loc.gov/MARC21/slim http://www.loc.gov/standards/marcxml/schema/MARC21slim.xsd"
    xmlns="http://www.loc.gov/MARC21/slim">

  <leader>00684nam a22002177a 4500</leader>
  <controlfield tag="005">20240530110928.0</controlfield>
  <controlfield tag="008">220214s2008    ua     g      000 p ara d</controlfield>
  <datafield tag="017" ind1=" " ind2=" ">
    <subfield code="b">&#x645;&#x635;&#x631;. &#x62F;&#x627;&#x631; &#x627;&#x644;&#x643;&#x62A;&#x628;</subfield>
    <subfield code="a">2008/5287</subfield>
  </datafield>
  <datafield tag="020" ind1=" " ind2=" ">
    <subfield code="a">9773514137</subfield>
  </datafield>
  <datafield tag="040" ind1=" " ind2=" ">
    <subfield code="a">EG-CaGPL</subfield>
    <subfield code="c">EG-CaGPL</subfield>
  </datafield>
  <datafield tag="082" ind1="0" ind2="4">
    <subfield code="2">21</subfield>
    <subfield code="a">811.09\</subfield>
    <subfield code="b">&#x645; &#x639;</subfield>
  </datafield>
  <datafield tag="100" ind1="0" ind2=" ">
    <subfield code="a">&#x645;&#x627;&#x647;&#x631; &#x627;&#x644;&#x62E;&#x64A;&#x631; </subfield>
  </datafield>
  <datafield tag="245" ind1="1" ind2="0">
    <subfield code="a">&#x639;&#x635;&#x627;&#x641;&#x64A;&#x631; &#x643;&#x648;&#x628;&#x631;&#x649; &#x642;&#x635;&#x631; &#x627;&#x644;&#x646;&#x64A;&#x644; :</subfield>
    <subfield code="b">&#x634;&#x639;&#x631; /</subfield>
    <subfield code="c">&#x645;&#x627;&#x647;&#x631; &#x627;&#x644;&#x62E;&#x64A;&#x631; </subfield>
  </datafield>
  <datafield tag="250" ind1=" " ind2=" ">
    <subfield code="a">&#x637;. 1</subfield>
  </datafield>
  <datafield tag="260" ind1=" " ind2=" ">
    <subfield code="a">&#x627;&#x644;&#x642;&#x627;&#x647;&#x631;&#x629; : </subfield>
    <subfield code="b">&#x62F;&#x627;&#x631; &#x645;&#x64A;&#x631;&#x64A;&#x62A;&#x60C;</subfield>
    <subfield code="c">2008</subfield>
  </datafield>
  <datafield tag="300" ind1=" " ind2=" ">
    <subfield code="a">123 &#x635;. &#x61B;</subfield>
    <subfield code="c">20 &#x633;&#x645;.</subfield>
  </datafield>
  <datafield tag="650" ind1="0" ind2="7">
    <subfield code="2">qrmak</subfield>
    <subfield code="a">&#x627;&#x644;&#x634;&#x639;&#x631; &#x627;&#x644;&#x639;&#x631;&#x628;&#x649; </subfield>
  </datafield>
  <datafield tag="651" ind1=" " ind2=" ">
    <subfield code="2">qrmak</subfield>
  </datafield>
  <datafield tag="942" ind1=" " ind2=" ">
    <subfield code="2">ddc</subfield>
    <subfield code="c">BK</subfield>
  </datafield>
  <datafield tag="999" ind1=" " ind2=" ">
    <subfield code="c">66607</subfield>
    <subfield code="d">66607</subfield>
  </datafield>
  <datafield tag="952" ind1=" " ind2=" ">
    <subfield code="0">0</subfield>
    <subfield code="1">0</subfield>
    <subfield code="4">0</subfield>
    <subfield code="7">0</subfield>
    <subfield code="a">CAI</subfield>
    <subfield code="b">CAI</subfield>
    <subfield code="c">&#x627;&#x644;&#x625;&#x62F;&#x627;&#x631;&#x629;-&#x639;&#x631;&#x628;&#x649;</subfield>
    <subfield code="d">2022-08-20</subfield>
    <subfield code="l">0</subfield>
    <subfield code="o">811.09\ &#x645; &#x639;</subfield>
    <subfield code="p">168265</subfield>
    <subfield code="r">2022-08-20 00:00:00</subfield>
    <subfield code="w">2022-08-20</subfield>
    <subfield code="y">BK</subfield>
  </datafield>
</record>
